[Event "Treviso op-D 1st"]
[Site "Treviso"]
[Date "2017.03.19"]
[Round "4.9"]
[White "Ronchi, Francesco Maria"]
[Black "Sella, Stefano"]
[Result "0-1"]
[WhiteElo "1134"]
[BlackElo "1403"]
[PlyCount "96"]
[EventDate "2017.03.17"]
[EventType "swiss"]
[EventRounds "5"]
[EventCountry "ITA"]
[SourceTitle "EXT 2024"]
[Source "ChessBase"]
[SourceDate "2023.10.10"]
[SourceVersion "1"]
[SourceVersionDate "2023.10.10"]
[SourceQuality "1"]

1. e4 e5 2. Nf3 Nc6 3. d4 Qf6 4. Nc3 Bb4 5. a3 exd4 6. Bg5 Bxc3+ 7. bxc3 Qg6 8. Bd3 dxc3 9. e5 Qe6 10. Qe2 f6 11. exf6 Qxe2+ 12. Bxe2 Nxf6 13. 0-0 0-0 14. Bc4+ Kh8 15. Rfe1 h6 16. Bxf6 gxf6 17. Bd5 Nd8 18. Re3 c6 19. Bb3 d5 20. Rxc3 Nf7 21. Re1 Bg4 22. Nh4 Rfe8 23. Ng6+ Kh7 24. Rxe8 Rxe8 25. h3 Bxh3 26. Rxh3 Kxg6 27. c3 Re1+ 28. Kh2 Re2 29. Rg3+ Kf5 30. c4 Ke6 31. Rg8 Rb2 32. cxd5+ cxd5 33. Re8+ Kd7 34. Ba4+ b5 35. Rb8 Nd6 36. Bd1 Rxf2 37. Bg4+ Kc7 38. Rh8 a5 39. Ra8 Nb7 40. Rc8+ Kb6 41. Re8 b4 42. axb4 axb4 43. Rb8 b3 44. Bh5 b2 45. Bg6 f5 46. Rf8 b1Q 47. Rf6+ Ka7 48. Be8 Qe4 0-1

[Event "Mestre Cipressina op-B 5th"]
[Site "Mestre"]
[Date "2016.11.27"]
[Round "5"]
[White "Ronchi, Francesco Maria"]
[Black "Bozzato, Davide"]
[Result "1-0"]
[WhiteElo "1192"]
[BlackElo "1440"]
[PlyCount "115"]
[EventDate "2016.11.25"]
[EventType "swiss"]
[EventRounds "5"]
[EventCountry "ITA"]
[SourceTitle "EXT 2022"]
[Source "ChessBase"]
[SourceDate "2021.10.06"]
[SourceVersion "1"]
[SourceVersionDate "2021.10.06"]
[SourceQuality "1"]

1. e4 e5 2. Nf3 Nc6 3. d4 Bb4+ 4. c3 Ba5 5. Be3 Nf6 6. Bd3 exd4 7. Nxd4 d5 8. Nd2 b5 9. a3 Nxd4 10. Bxd4 Bb7 11. Qe2 0-0 12. 0-0 Bb6 13. Rae1 Bxd4 14. cxd4 Bc8 15. Bxb5 Rb8 16. b4 Qd6 17. e5 Bg4 18. exd6 Bxe2 19. Rxe2 cxd6 20. Bd3 Rbc8 21. Nb1 g6 22. Ba6 Rc6 23. Bb5 Rc7 24. Rfe1 Ne4 25. f3 Rfc8 26. fxe4 Rc1 27. Kf2 Rxe1 28. Rxe1 Rc2+ 29. Ke3 Rxg2 30. h4 h5 31. Nc3 Rg3+ 32. Kd2 Rg2+ 33. Re2 Rg4 34. Rh2 dxe4 35. Bd7 Rf4 36. Bc6 f5 37. Bd5+ Kg7 38. Nb5 a6 39. Nxd6 Kf6 40. b5 axb5 41. Nxb5 Rf3 42. a4 Rd3+ 43. Ke2 g5 44. hxg5+ Kxg5 45. a5 h4 46. a6 Kg4 47. a7 Kg3 48. Rxh4 Kxh4 49. a8Q Rf3 50. Bxe4 fxe4 51. Qxe4+ Kg3 52. Qxf3+ Kh4 53. d5 Kg5 54. d6 Kg6 55. d7 Kh6 56. d8Q Kg6 57. Qg8+ Kh6 58. Qh3# 1-0

[Event "Mestre Cipressina op-B 5th"]
[Site "Mestre"]
[Date "2016.11.26"]
[Round "3"]
[White "Ronchi, Francesco Maria"]
[Black "Pasin, Mattia"]
[Result "0-1"]
[WhiteElo "1192"]
[BlackElo "1448"]
[PlyCount "44"]
[EventDate "2016.11.25"]
[EventType "swiss"]
[EventRounds "5"]
[EventCountry "ITA"]
[SourceTitle "EXT 2022"]
[Source "ChessBase"]
[SourceDate "2021.10.06"]
[SourceVersion "1"]
[SourceVersionDate "2021.10.06"]
[SourceQuality "1"]

1. e4 e5 2. Nf3 Nc6 3. d4 exd4 4. Bc4 Bc5 5. c3 Nge7 6. a3 d5 7. exd5 Nxd5 8. b4 Bb6 9. 0-0 0-0 10. Qd3 Nde7 11. Ng5 Bf5 12. Qd2 Ne5 13. Re1 Nxc4 14. Qa2 Nd6 15. Bf4 h6 16. Nf3 d3 17. Nbd2 Ng6 18. Nc4 Be6 19. Nfd2 Nxf4 20. Qb2 Bxc4 21. Nxc4 Nxc4 22. Qa2 Qd5 0-1

[Event "Mestre Cipressina op-B 5th"]
[Site "Mestre"]
[Date "2016.11.25"]
[Round "1"]
[White "Castaldini, Marzia"]
[Black "Ronchi, Francesco Maria"]
[Result "1-0"]
[WhiteElo "1498"]
[BlackElo "1192"]
[PlyCount "79"]
[EventDate "2016.11.25"]
[EventType "swiss"]
[EventRounds "5"]
[EventCountry "ITA"]
[SourceTitle "EXT 2022"]
[Source "ChessBase"]
[SourceDate "2021.10.06"]
[SourceVersion "1"]
[SourceVersionDate "2021.10.06"]
[SourceQuality "1"]

1. d4 f5 2. Nf3 Nc6 3. Bf4 Nf6 4. e3 d6 5. Bc4 h6 6. h4 g6 7. Nc3 Bg7 8. Qd2 Bd7 9. 0-0-0 e6 10. d5 exd5 11. Bxd5 Nxd5 12. Nxd5 Be6 13. Qe2 Bxd5 14. Rxd5 Qf6 15. Nd4 Nxd4 16. exd4+ Kd8 17. Be5 Qf7 18. Qf3 Kc8 19. Bxg7 Qxg7 20. Re1 c6 21. Rxd6 Kc7 22. Ree6 Rae8 23. Rxg6 Re1+ 24. Kd2 Qe7 25. Rd7+ Kxd7 26. Qxf5+ Kc7 27. Qf4+ Kd7 28. Qg4+ Kc7 29. Rg7 Re2+ 30. Kd3 Re6 31. Rxe7+ Rxe7 32. Qf4+ Kd7 33. c4 Re1 34. Qg4+ Kc7 35. Qg7+ Kb6 36. Qxh8 Rd1+ 37. Kc3 Rc1+ 38. Kb3 Rd1 39. Qe5 Rd3+ 40. Kc2 1-0

[Event "Chioggia op-C 11th"]
[Site "Chioggia"]
[Date "2016.10.07"]
[Round "1"]
[White "Scandiuzzi, Roberto"]
[Black "Ronchi, Francesco Maria"]
[Result "1/2-1/2"]
[WhiteElo "1415"]
[BlackElo "1258"]
[PlyCount "46"]
[EventDate "2016.10.07"]
[EventType "swiss"]
[EventRounds "5"]
[EventCountry "ITA"]
[SourceTitle "EXT 2022"]
[Source "ChessBase"]
[SourceDate "2021.10.06"]
[SourceVersion "1"]
[SourceVersionDate "2021.10.06"]
[SourceQuality "1"]

1. d4 f5 2. g3 Nf6 3. Bg2 d5 4. Nc3 Nc6 5. Nf3 Bd7 6. e3 e6 7. a3 Bd6 8. b4 Ne4 9. Bb2 Ng5 10. Ne2 Nxf3+ 11. Bxf3 Qf6 12. Rc1 h5 13. h4 g5 14. hxg5 Qxg5 15. c4 h4 16. c5 Be7 17. gxh4 Rxh4 18. Rg1 Qh6 19. Kd2 Bf8 20. Nf4 Ne7 21. Bh5+ Kd8 22. Be2 Rh2 23. Nd3 Bg7 1/2-1/2